000
00243nam a22001097a 4500
082
_a
733.3 STR'C
100
_a
STRONG, DONALD E
_9
79866
245
_a
THE CLASSICAL WORLD
260
_a
LONDON
_b
PAUL HAMLYN
_c
1965
300
_a
166P
942
_c
BK
999
_c
584856
_d
584856